000 00608nam a22001937a 4500
999 _c18032
_d18032
003 AR-CdUCM
008 190511b ||||| |||| 00| 0 spa d
040 _aMUNICIPALIDAD PROVINCIAL DEL CUSCO
_cBIBLIOTECA MUNICIPAL DEL CUSCO
082 _a628.2 /
_bB11
100 _aBabbitt, Harold E.
_938369
245 _aAlcantarillado y tratamiento de aguas negras /
260 _aMéxico :
_bContinental,
_c1961.
300 _a881 páginas ;
_c23 cm.
650 _aAlcantarillado.
_929956
650 _aTuberías.
_921141
700 _aBaumann, E. Robert.
_938370
942 _2ddc
_cLIBROS
945 _arum
_d2019-05-11